Espantapájaros (Record no. 72412)

MARC details
000 -LEADER
campo de control de longitud fija 00599nam a2200181 i 4500
001 - NÚMERO DE CONTROL
campo de control 72412
003 - IDENTIFICADOR DE NÚMERO DE CONTROL
campo de control ES-MaACL
005 - FECHA Y HORA DE LA ÚLTIMA TRANSACCIÓN
campo de control 20250929063130.0
007 - CAMPO FIJO DE DESCRIPCIÓN FÍSICA--INFORMACIÓN GENERAL
campo de control de longitud fija t|
008 - DATOS DE LONGITUD FIJA--INFORMACIÓN GENERAL
campo de control de longitud fija 040901s1932 ag ||||1| spa d
100 1# - ENTRADA PRINCIPAL--NOMBRE DE PERSONA
Nombre de persona Girondo, Oliverio,
Fechas asociadas al nombre 1891-1967
9 (RLIN) 57292
245 10 - MENCIÓN DEL TÍTULO
Título Espantapájaros
Resto del título : (al alcance de todos) /
Mención de responsabilidad, etc. Oliverio Girondo ; [dibujo de la portada José Bonomi].
260 ## - PUBLICACIÓN, DISTRIBUCIÓN, ETC.
Lugar de publicación, distribución, etc. Buenos Aires :
Nombre del editor, distribuidor, etc. Proa,
Fecha de publicación, distribución, etc. 1932 (
Fabricante Francisco A. Colombo)
300 ## - DESCRIPCIÓN FÍSICA
Extensión [106] p. ;
Dimensiones 25 cm.
700 1# - ENTRADA AGREGADA--NOMBRE PERSONAL
Nombre de persona Bonomi, José.
9 (RLIN) 155540
852 ## - LOCALIZACIÓN
Ubicación ES-MaACL
Número de control de estantería A-1470
Nota libre .- Enc. rúst.
Holdings
Estatus retirado Estado de pérdida Estado de daño No para préstamo Biblioteca de origen Biblioteca actual Ubicación en estantería Fecha de adquisición Fuente de adquisición Total de préstamos Signatura topográfica completa Código de barras Visto por última vez Precio de reemplazo Tipo de ítem Koha
        Biblioteca del Ateneo de Madrid Biblioteca del Ateneo de Madrid Sala Pecera Planta 1 17/01/2008     A-1470 1075810 23/02/2023 23/02/2023 Libro impreso